| 000 | 02076nam a2200601 i 4500 | ||
|---|---|---|---|
| 001 | 49157 | ||
| 003 | KOSZ 005 | ||
| 005 | 20220328092819.0 | ||
| 008 | 090616s2008 pl a f f |001 0 pol | ||
| 015 | _aPB 2009/22082 | ||
| 020 | _a9788320616958 | ||
| 035 | _a991049369049705066 | ||
| 035 | _a(PL-WaBN)b23767996-48omnis_nlop | ||
| 035 | _ab23767996 | ||
| 035 | _a(OCoLC)297690890 | ||
| 035 | _a(PL)b0000002376799 | ||
| 035 | _a(EXLNZ-48OMNIS_NETWORK)9910200983905606 | ||
| 040 |
_aWA N _cWA N _dKOSZ 005/HR |
||
| 041 | 1 |
_apol _hger |
|
| 046 | _k2008 | ||
| 080 | _a629.33 | ||
| 080 | _a004.772 | ||
| 080 | _a621.391 | ||
| 080 | _a004-049.8 | ||
| 245 | 0 | 0 |
_aSieci wymiany danych w pojazdach samochodowych / _c[tł. z jęz. niem. Waldemar Nawrocki] ; Robert Bosch GmbH. |
| 246 | 1 |
_iTyt. oryg.: _aVernetzung im Kraftahrzeug, _f2007 |
|
| 260 |
_aWarszawa : _bWydawnictwa Komunikacji i Łączności, _c2008. |
||
| 300 |
_a114 s. : _bil. ; _c30 cm. |
||
| 336 |
_2rdacontent _aTekst _btxt |
||
| 337 |
_2rdamedia _aBez urządzenia pośredniczącego _bn |
||
| 338 |
_2rdacarrier _aWolumin _bnc |
||
| 380 | _aKsiążki | ||
| 380 | _aPublikacje fachowe | ||
| 388 | _a2001- | ||
| 490 | 1 | _aInformatory Techniczne Bosch : edycja polska | |
| 500 | _aU góry okł.: Informator techniczny : elektronika samochodowa, wydanie 2008. | ||
| 504 | _aIndeks. | ||
| 650 | 7 |
_aSamochody _2DBN |
|
| 650 | 7 | _aElektronika | |
| 658 | _aInżynieria i technika | ||
| 650 | 7 | _aZastosowanie i wykorzystanie | |
| 650 | 7 | _aTransport | |
| 650 | 7 |
_aKontrola techniczna _2DBN |
|
| 650 | 7 | _aUrządzenia | |
| 650 | 7 |
_aUkład elektroniczny _2DBN |
|
| 650 | 7 |
_aTransmisja danych _2DBN |
|
| 710 | 2 |
_aWydawnictwa Komunikacji i Łączności _4pbl |
|
| 700 | 1 |
_aNawrocki, Waldemar _eTłumaczenie |
|
| 830 | 0 | _aInformatory Techniczne Bosch | |
| 856 |
_uhttp://koha.tu.koszalin.pl/cgi-bin/koha/opac-detail.pl?biblionumber=49157 _yKatalog online BPK |
||
| 942 |
_2UKD _cKS |
||
| 999 |
_c49157 _d49157 |
||